Sovereign Limits and Regional Opportunities for Global Civil Society in Latin America /

Salvato in:
Dettagli Bibliografici
Autore principale: Friedman, Elisabeth Jay
Altri autori: Hochstetler, Kathryn, Clark, Ann Marie
Natura: testo
Soggetti:
Tags: Aggiungi Tag
Nessun Tag, puoi essere il primo ad aggiungerne!!

MARC

LEADER 00000 a a2200000 04500
001 43222
003
040
100 |a Friedman, Elisabeth Jay  
245 |a Sovereign Limits and Regional Opportunities for Global Civil Society in Latin America /  |c Elisabeth Jay Friedman, Kathryn Hochstetler and Ann Marie Clark  
650 |a CONFERENCIAS  
650 |a ORGANIZACIONES NO GUBERNAMENTALES  
650 |a PARTICIPACION SOCIAL  
650 |a SOCIEDAD CIVIL  
650 |a AMERICA LATINA  
700 |a Hochstetler, Kathryn  
700 |a Clark, Ann Marie  
773 |g volumen36, número3 ( , 2001), páginas 7-35  
999 |c 35627  |d 35627